El teatro y su doble
Salvato in:
| Autore principale: | |
|---|---|
| Natura: | Libro |
| Lingua: | spagnolo |
| Pubblicazione: |
Barcelona
Edhasa
1978
|
| Serie: | Colección Pocket-Edhasa, 13
|
| Soggetti: | |
| Tags: |
Aggiungi Tag
Nessun Tag, puoi essere il primo ad aggiungerne!!
|
MARC
| LEADER | 00000nam a2200000 a 4500 | ||
|---|---|---|---|
| 001 | UCZ3532 | ||
| 003 | CL-VaPUC | ||
| 008 | 951027e19780000SP |||||||||||||||||spa|d | ||
| 082 | 0 | 4 | |a 842.09 |b ART |2 21 |
| 100 | 0 | |a Artaud, Antonin |e author |9 347326 | |
| 245 | 1 | 3 | |a El teatro y su doble |
| 300 | |a 162 p | ||
| 942 | |c BK | ||
| 945 | |d 19951027 00:00:00 |a rbrito | ||
| 260 | |a Barcelona |b Edhasa |c 1978 | ||
| 650 | 0 | |a Teatro francés |9 265089 | |
| 650 | 0 | |a Crítica literaria |9 269189 | |
| 583 | |a last modification |c 19951027 00:00:00 |k Rodrigo Vera | ||
| 490 | 0 | |a Colección Pocket-Edhasa, 13 | |
| 999 | |c 240000 |d 239998 | ||
| 952 | |0 0 |1 0 |4 0 |6 842_090000000000000_ART_1978 |7 0 |8 A |9 251583 |a BIBARQ |b BIBARQ |d 2019-11-18 |i 3145301 |o 842.09 ART 1978 |p 3145301 |r 2025-01-20 |w 2019-11-18 |y BK |k ARQ | ||